|
|
|
|
| LEADER |
00000caa a22000002c 4500 |
| 001 |
1525986066 |
| 003 |
DE-627 |
| 005 |
20220604105053.0 |
| 007 |
tu |
| 008 |
160223s2004 xx ||||| 00| ||eng c |
| 020 |
|
|
|a 0761929436
|
| 035 |
|
|
|a (DE-627)1525986066
|
| 035 |
|
|
|a (DE-576)455986061
|
| 035 |
|
|
|a (DE-599)BSZ455986061
|
| 040 |
|
|
|a DE-627
|b ger
|c DE-627
|e rakwb
|
| 041 |
|
|
|a eng
|
| 100 |
1 |
|
|a White, R. D.
|d 1956-
|0 (DE-588)131533568
|0 (DE-627)51050471X
|0 (DE-576)167296647
|4 aut
|
| 109 |
|
|
|a White, R. D. 1956-
|a White, Robert D. 1956-
|a White, Rob 1956-
|a White, Robert Douglas 1956-
|
| 245 |
1 |
0 |
|a Racism, ethnicity, and hate crime
|c Rob White, Santina Perrone
|
| 264 |
|
1 |
|c 2004
|
| 336 |
|
|
|a Text
|b txt
|2 rdacontent
|
| 337 |
|
|
|a ohne Hilfsmittel zu benutzen
|b n
|2 rdamedia
|
| 338 |
|
|
|a Band
|b nc
|2 rdacarrier
|
| 700 |
1 |
|
|a Perrone, Santina
|0 (DE-588)1068238518
|0 (DE-627)819822124
|0 (DE-576)176934162
|4 aut
|
| 773 |
0 |
8 |
|i In
|t Crimes of hate
|d Thousand Oaks [u.a.] : SAGE, 2004
|g (2004), Seite 317-333
|h XI, 391 S.
|w (DE-627)1608880737
|w (DE-576)108948730
|z 0761929428
|z 0761929436
|7 nnam
|
| 773 |
1 |
8 |
|g year:2004
|g pages:317-333
|
| 935 |
|
|
|a mkri
|
| 951 |
|
|
|a AR
|
| ELC |
|
|
|b 1
|
| LOK |
|
|
|0 000 xxxxxcx a22 zn 4500
|
| LOK |
|
|
|0 001 2899480308
|
| LOK |
|
|
|0 003 DE-627
|
| LOK |
|
|
|0 004 1525986066
|
| LOK |
|
|
|0 005 20260216125603
|
| LOK |
|
|
|0 008 160208||||||||||||||||ger|||||||
|
| LOK |
|
|
|0 040
|a DE-21-110
|c DE-627
|d DE-21-110
|
| LOK |
|
|
|0 689
|a s
|a Rassismus
|
| LOK |
|
|
|0 689
|a s
|a Ethnizität
|
| LOK |
|
|
|0 689
|a s
|a Hate Crime
|
| LOK |
|
|
|0 852
|a DE-21-110
|
| LOK |
|
|
|0 852 1
|m p
|9 00
|
| LOK |
|
|
|0 935
|a k110
|
| LOK |
|
|
|0 938
|k p
|
| LOK |
|
|
|0 939
|a 08-02-16
|b l01
|
| ORI |
|
|
|a WA-MARC-krimdoka001.raw
|